[Event "World Chess Olympiad 2018"]
[Site "Batumi"]
[Date "2018.09.25"]
[Round "2"]
[Board "2"]
[WhiteFideId "1634852"]
[White "Dragnev Valentin"]
[BlackFideId "5007003"]
[Black "Harikrishna Pentala"]
[Result "0-1"]
[LiveChessVersion "1.4.8"]
[BlackElo "2743"]
[WhiteElo "2508"]

1. d4 {[%clk 1:30:49]} Nf6 {[%clk 1:30:48]} 2. c4 {[%clk 1:30:58]} e6
{[%clk 1:31:10]} 3. Nf3 {[%clk 1:31:16]} d5 {[%clk 1:29:06]} 4. Nc3
{[%clk 1:31:22]} c5 {[%clk 1:26:38]} 5. cxd5 {[%clk 1:24:52]} Nxd5
{[%clk 1:26:34]} 6. g3 {[%clk 1:22:16]} cxd4 {[%clk 1:25:00]} 7. Nxd5
{[%clk 1:22:03]} Qxd5 {[%clk 1:25:22]} 8. Qxd4 {[%clk 1:22:26]} Qb5
{[%clk 1:24:56]} 9. e4 {[%clk 1:22:15]} Qb4+ {[%clk 1:24:32]} 10. Bd2
{[%clk 1:22:20]} Nc6 {[%clk 1:24:54]} 11. Qxb4 {[%clk 1:20:54]} Bxb4
{[%clk 1:24:55]} 12. Bb5 {[%clk 1:21:10]} Bd7 {[%clk 1:23:00]} 13. Rc1
{[%clk 1:20:21]} Be7 {[%clk 1:17:35]} 14. Ke2 {[%clk 1:02:19]} O-O
{[%clk 1:11:41]} 15. Rhd1 {[%clk 1:00:26]} Rfc8 {[%clk 1:11:41]} 16. a3
{[%clk 0:59:09]} Be8 {[%clk 1:09:45]} 17. Bc3 {[%clk 0:45:26]} a6
{[%clk 1:05:26]} 18. Bd3 {[%clk 0:45:22]} b5 {[%clk 1:03:38]} 19. Ne5
{[%clk 0:43:04]} Nd8 {[%clk 1:00:47]} 20. Bb1 {[%clk 0:40:24]} a5
{[%clk 0:54:23]} 21. Bd2 {[%clk 0:37:31]} Bf6 {[%clk 0:46:21]} 22. Rxc8
{[%clk 0:31:05]} Rxc8 {[%clk 0:46:42]} 23. Nd3 {[%clk 0:31:26]} Nc6
{[%clk 0:45:35]} 24. f4 {[%clk 0:28:21]} Be7 {[%clk 0:42:14]} 25. Rc1
{[%clk 0:26:54]} Rb8 {[%clk 0:41:01]} 26. Be3 {[%clk 0:26:25]} b4
{[%clk 0:40:09]} 27. axb4 {[%clk 0:26:15]} Nxb4 {[%clk 0:40:23]} 28. Nxb4
{[%clk 0:17:20]} Bxb4 {[%clk 0:28:18]} 29. Bd3 {[%clk 0:17:03]} Kf8
{[%clk 0:25:17]} 30. Bd4 {[%clk 0:14:41]} a4 {[%clk 0:23:52]} 31. Rc2
{[%clk 0:11:32]} Be7 {[%clk 0:23:00]} 32. Ke3 {[%clk 0:10:54]} h5
{[%clk 0:16:59]} 33. Be2 {[%clk 0:07:42]} h4 {[%clk 0:16:00]} 34. Bc4
{[%clk 0:04:46]} Bd7 {[%clk 0:13:18]} 35. Rg2 {[%clk 0:04:14]} g6
{[%clk 0:11:29]} 36. Rc2 {[%clk 0:03:46]} Rb4 {[%clk 0:11:05]} 37. Kd3
{[%clk 0:03:23]} Ke8 {[%clk 0:10:37]} 38. Bc3 {[%clk 0:02:49]} Rb7
{[%clk 0:09:33]} 39. Bd4 {[%clk 0:02:18]} Rb8 {[%clk 0:08:29]} 40. Be5
{[%clk 0:30:58]} Ra8 {[%clk 0:33:23]} 41. Bd4 {[%clk 0:28:58]} Rd8
{[%clk 0:27:32]} 42. Bb6 {[%clk 0:26:52]} Rc8 {[%clk 0:26:14]} 43. Bd4
{[%clk 0:24:42]} Ra8 {[%clk 0:25:18]} 44. Bf2 {[%clk 0:23:17]} h3
{[%clk 0:16:50]} 45. Be3 {[%clk 0:18:30]} f5 {[%clk 0:15:07]} 46. exf5
{[%clk 0:14:54]} exf5 {[%clk 0:12:44]} 47. Bd4 {[%clk 0:12:15]} Bc6
{[%clk 0:11:36]} 48. Ke3 {[%clk 0:12:13]} Rb8 {[%clk 0:10:19]} 49. Be6
{[%clk 0:06:07]} Bd7 {[%clk 0:09:27]} 50. Bc4 {[%clk 0:06:27]} Bc6
{[%clk 0:07:13]} 51. Be6 {[%clk 0:06:06]} Bd7 {[%clk 0:06:58]} 52. Bc4
{[%clk 0:04:44]} g5 {[%clk 0:05:35]} 53. fxg5 {[%clk 0:04:01]} Bxg5+
{[%clk 0:05:59]} 54. Kf2 {[%clk 0:04:21]} f4 {[%clk 0:06:13]} 55. Re2+
{[%clk 0:02:39]} Kd8 {[%clk 0:06:28]} 56. gxf4 {[%clk 0:02:13]} Bxf4
{[%clk 0:05:53]} 57. Bf6+ {[%clk 0:02:36]} Kc7 {[%clk 0:06:05]} 58. Rc2
{[%clk 0:01:41]} Kd6 {[%clk 0:04:38]} 59. Kf1 {[%clk 0:00:33]} Rc8
{[%clk 0:02:53]} 60. Kg1 {[%clk 0:00:33]} Be3+ {[%clk 0:02:23]} 61. Kf1
{[%clk 0:01:03]} Rxc4 {[%clk 0:01:30]} 62. Rxc4 {[%clk 0:01:29]} Bb5
{[%clk 0:01:54]} 63. Ke2 {[%clk 0:00:39]} Bb6 {[%clk 0:01:39]} 64. Kd3
{[%clk 0:00:32]} Kd5 {[%clk 0:02:02]} 0-1

[Event "World Chess Olympiad 2018"]
[Site "Batumi"]
[Date "2018.09.25"]
[Round "2"]
[Board "1"]
[WhiteFideId "15400263"]
[White "Wong Kai Meng"]
[BlackFideId "8500037"]
[Black "Kigigha Bomo"]
[Result "0-1"]
[LiveChessVersion "1.4.8"]
[BlackElo "2300"]
[WhiteElo "1661"]

1. d4 {[%clk 1:30:56]} d5 {[%clk 1:29:31]} 2. c4 {[%clk 1:31:20]} e6
{[%clk 1:29:52]} 3. Nf3 {[%clk 1:31:33]} Be7 {[%clk 1:29:32]} 4. Nc3
{[%clk 1:31:31]} Nf6 {[%clk 1:28:29]} 5. cxd5 {[%clk 1:30:42]} exd5
{[%clk 1:28:52]} 6. Bg5 {[%clk 1:30:40]} O-O {[%clk 1:29:10]} 7. e3
{[%clk 1:30:46]} c6 {[%clk 1:29:16]} 8. Bd3 {[%clk 1:30:34]} Nbd7
{[%clk 1:28:07]} 9. O-O {[%clk 1:30:10]} Re8 {[%clk 1:28:25]} 10. Qc2
{[%clk 1:29:27]} Nf8 {[%clk 1:28:41]} 11. Rfe1 {[%clk 1:25:22]} Ne4
{[%clk 1:23:07]} 12. Bf4 {[%clk 1:18:41]} g5 {[%clk 1:17:20]} 13. Bg3
{[%clk 1:13:51]} h5 {[%clk 1:17:18]} 14. Nxe4 {[%clk 1:03:03]} dxe4
{[%clk 1:17:40]} 15. Bxe4 {[%clk 1:03:12]} h4 {[%clk 1:17:54]} 16. Be5
{[%clk 1:03:12]} f6 {[%clk 1:16:13]} 17. Bg6 {[%clk 1:03:27]} fxe5
{[%clk 1:15:06]} 18. Bxe8 {[%clk 1:02:39]} Qxe8 {[%clk 1:15:25]} 19. Nxe5
{[%clk 1:02:54]} Be6 {[%clk 1:13:15]} 20. a3 {[%clk 0:54:23]} a5 {[%clk 1:07:08]}
21. Rac1 {[%clk 0:51:06]} a4 {[%clk 1:04:59]} 22. Nd3 {[%clk 0:50:06]} Nd7
{[%clk 1:03:37]} 23. e4 {[%clk 0:42:36]} Qf7 {[%clk 1:00:51]} 24. Qd2
{[%clk 0:38:19]} Rf8 {[%clk 0:58:48]} 25. Rf1 {[%clk 0:30:38]} Bc4
{[%clk 0:44:39]} 26. Qe3 {[%clk 0:26:08]} Bb5 {[%clk 0:43:26]} 27. e5
{[%clk 0:25:01]} Qg6 {[%clk 0:41:44]} 28. Rfd1 {[%clk 0:24:23]} Nb6
{[%clk 0:41:27]} 29. b4 {[%clk 0:12:59]} Nd5 {[%clk 0:33:41]} 30. Qd2
{[%clk 0:12:52]} g4 {[%clk 0:32:55]} 31. Qc2 {[%clk 0:10:55]} Bg5
{[%clk 0:31:39]} 32. Nc5 {[%clk 0:10:48]} Qxc2 {[%clk 0:23:34]} 33. Rxc2
{[%clk 0:11:03]} g3 {[%clk 0:24:01]} 34. Ne6 {[%clk 0:07:28]} Rxf2
{[%clk 0:22:00]} 35. Nxg5 {[%clk 0:01:51]} Rxc2 {[%clk 0:22:11]} 36. Re1
{[%clk 0:01:45]} Nf4 {[%clk 0:20:04]} 37. e6 {[%clk 0:01:28]} Rxg2+
{[%clk 0:20:22]} 38. Kh1 {[%clk 0:01:49]} Rxh2+ {[%clk 0:20:47]} 39. Kg1
{[%clk 0:02:05]} Ne2+ {[%clk 0:20:59]} 0-1

[Event "World Chess Olympiad 2018"]
[Site "Batumi"]
[Date "2018.09.25"]
[Round "2"]
[Board "2"]
[WhiteFideId "8500258"]
[White "Adu Oladapo"]
[BlackFideId "15400344"]
[Black "Ieong Seak Hin"]
[Result "1-0"]
[LiveChessVersion "1.4.8"]
[BlackElo "1825"]
[WhiteElo "2299"]

1. e4 {[%clk 1:29:48]} e5 {[%clk 1:30:53]} 2. Nf3 {[%clk 1:30:07]} Nc6
{[%clk 1:31:17]} 3. Bb5 {[%clk 1:30:28]} a6 {[%clk 1:31:43]} 4. Ba4
{[%clk 1:30:47]} Nf6 {[%clk 1:32:09]} 5. d3 {[%clk 1:31:03]} d6 {[%clk 1:32:31]}
6. c3 {[%clk 1:31:11]} Be7 {[%clk 1:32:44]} 7. O-O {[%clk 1:31:29]} b5
{[%clk 1:33:05]} 8. Bb3 {[%clk 1:31:41]} O-O {[%clk 1:32:31]} 9. Re1
{[%clk 1:31:57]} Bg4 {[%clk 1:26:35]} 10. Nbd2 {[%clk 1:32:11]} Na5
{[%clk 1:26:22]} 11. Bc2 {[%clk 1:32:38]} c5 {[%clk 1:26:41]} 12. h3
{[%clk 1:32:59]} Bxf3 {[%clk 1:24:44]} 13. Nxf3 {[%clk 1:33:13]} Qc7
{[%clk 1:24:30]} 14. Bg5 {[%clk 1:33:11]} h6 {[%clk 1:24:22]} 15. Bh4
{[%clk 1:31:19]} Rab8 {[%clk 1:21:03]} 16. Nd2 {[%clk 1:26:17]} b4
{[%clk 1:18:30]} 17. Bb3 {[%clk 1:21:43]} Ne8 {[%clk 1:16:05]} 18. Bg3
{[%clk 1:21:01]} Bg5 {[%clk 1:14:24]} 19. Nc4 {[%clk 1:20:42]} Nxc4
{[%clk 1:11:06]} 20. Bxc4 {[%clk 1:21:01]} Qa5 {[%clk 1:09:56]} 21. cxb4
{[%clk 1:16:51]} Rxb4 {[%clk 1:09:57]} 22. Re2 {[%clk 1:16:32]} Nc7
{[%clk 1:06:49]} 23. f4 {[%clk 1:15:23]} exf4 {[%clk 0:48:06]} 24. Be1
{[%clk 1:15:41]} Qb6 {[%clk 0:48:12]} 25. b3 {[%clk 1:10:07]} Bf6
{[%clk 0:46:54]} 26. Rb1 {[%clk 1:09:28]} Bd4+ {[%clk 0:46:50]} 27. Kh1
{[%clk 1:09:51]} Rxc4 {[%clk 0:38:46]} 28. bxc4 {[%clk 1:04:51]} Qc6
{[%clk 0:39:10]} 29. Rc2 {[%clk 1:02:17]} f5 {[%clk 0:38:46]} 30. exf5
{[%clk 0:53:40]} Rxf5 {[%clk 0:39:04]} 31. Qg4 {[%clk 0:53:28]} Rf8
{[%clk 0:35:21]} 32. Bc3 {[%clk 0:51:21]} Bxc3 {[%clk 0:29:34]} 33. Rxc3
{[%clk 0:51:40]} d5 {[%clk 0:29:49]} 34. Rcb3 {[%clk 0:51:25]} dxc4
{[%clk 0:27:41]} 35. dxc4 {[%clk 0:51:48]} Qe4 {[%clk 0:26:57]} 36. Rb8
{[%clk 0:45:37]} Ne6 {[%clk 0:22:40]} 37. Rxf8+ {[%clk 0:33:20]} Kxf8
{[%clk 0:22:42]} 38. Rb6 {[%clk 0:33:36]} Ng5 {[%clk 0:19:06]} 39. Qc8+
{[%clk 0:33:05]} Kf7 {[%clk 0:19:07]} 40. Qb7+ {[%clk 1:02:16]} Qxb7
{[%clk 0:49:02]} 41. Rxb7+ {[%clk 1:02:45]} Kf6 {[%clk 0:49:21]} 42. Rb6+
{[%clk 1:02:46]} Ke5 {[%clk 0:49:38]} 43. Rxa6 {[%clk 1:01:04]} Kd4
{[%clk 0:47:51]} 44. a4 {[%clk 1:01:08]} Kxc4 {[%clk 0:48:40]} 45. Rb6
{[%clk 1:00:51]} Kd3 {[%clk 0:35:30]} 46. a5 {[%clk 1:01:15]} Ne4
{[%clk 0:35:03]} 47. a6 {[%clk 1:01:33]} Ke2 {[%clk 0:35:30]} 48. Kg1
{[%clk 1:01:30]} 1-0

[Event "World Chess Olympiad 2018"]
[Site "Batumi"]
[Date "2018.09.25"]
[Round "2"]
[Board "4"]
[WhiteFideId "8500290"]
[White "Olape Bunmi"]
[BlackFideId "15400611"]
[Black "Ip Weng Tou"]
[Result "1-0"]
[LiveChessVersion "1.4.8"]
[BlackElo "1405"]
[WhiteElo "2252"]

1. e4 {[%clk 1:30:57]} e5 {[%clk 1:30:50]} 2. Nf3 {[%clk 1:31:15]} Nc6
{[%clk 1:31:15]} 3. Bb5 {[%clk 1:31:36]} a6 {[%clk 1:31:39]} 4. Ba4
{[%clk 1:31:57]} Nf6 {[%clk 1:32:01]} 5. O-O {[%clk 1:32:19]} b5 {[%clk 1:32:15]}
6. Bb3 {[%clk 1:32:41]} Be7 {[%clk 1:32:30]} 7. Re1 {[%clk 1:32:35]} O-O
{[%clk 1:32:50]} 8. c3 {[%clk 1:32:50]} d6 {[%clk 1:33:06]} 9. d3
{[%clk 1:33:08]} Na5 {[%clk 1:21:04]} 10. Bc2 {[%clk 1:32:40]} c5
{[%clk 1:18:18]} 11. Nbd2 {[%clk 1:32:47]} Qc7 {[%clk 1:14:47]} 12. Nf1
{[%clk 1:30:54]} Bd7 {[%clk 1:10:27]} 13. Ng3 {[%clk 1:30:48]} Rfc8
{[%clk 1:04:21]} 14. Bg5 {[%clk 1:29:07]} h6 {[%clk 0:55:04]} 15. Bd2
{[%clk 1:28:31]} Nh7 {[%clk 0:51:30]} 16. Rc1 {[%clk 1:26:22]} Nc6
{[%clk 0:41:17]} 17. Bb1 {[%clk 1:25:28]} a5 {[%clk 0:35:52]} 18. h3
{[%clk 1:25:10]} Qb8 {[%clk 0:22:09]} 19. Be3 {[%clk 1:24:59]} Rc7
{[%clk 0:18:06]} 20. Qd2 {[%clk 1:23:06]} Rb7 {[%clk 0:14:37]} 21. d4
{[%clk 1:18:24]} Qc7 {[%clk 0:13:58]} 22. Bd3 {[%clk 1:17:32]} c4
{[%clk 0:12:23]} 23. Bf1 {[%clk 1:17:44]} Rc8 {[%clk 0:12:22]} 24. Nh2
{[%clk 1:17:23]} Qb8 {[%clk 0:06:08]} 25. f4 {[%clk 1:16:25]} f6 {[%clk 0:04:33]}
26. Nf3 {[%clk 1:16:29]} Nd8 {[%clk 0:04:05]} 27. Qf2 {[%clk 1:15:42]} Nf7
{[%clk 0:03:35]} 28. fxe5 {[%clk 1:12:57]} fxe5 {[%clk 0:02:49]} 29. Rc2
{[%clk 1:10:36]} Rf8 {[%clk 0:02:09]} 30. Qd2 {[%clk 1:06:48]} Bc6
{[%clk 0:00:52]} 31. a4 {[%clk 1:05:38]} Nfg5 {[%clk 0:00:44]} 32. Nxg5
{[%clk 1:05:22]} Bxg5 {[%clk 0:00:53]} 33. Bxg5 {[%clk 1:05:06]} Nxg5
{[%clk 0:01:14]} 34. axb5 {[%clk 1:05:12]} Bxb5 {[%clk 0:01:33]} 35. h4
{[%clk 1:01:44]} Nf7 {[%clk 0:01:24]} 36. Nf5 {[%clk 0:59:21]} Ba4
{[%clk 0:00:44]} 37. Rcc1 {[%clk 0:59:07]} Rxb2 {[%clk 0:00:59]} 38. Qe3
{[%clk 0:59:34]} Qc7 {[%clk 0:00:46]} 39. Qg3 {[%clk 0:59:45]} g5
{[%clk 0:00:38]} 40. hxg5 {[%clk 0:59:30]} hxg5 {[%clk 0:00:59]} 41. Be2
{[%clk 0:58:36]} Bd7 {[%clk 0:00:45]} 42. Ne3 {[%clk 0:58:50]} Kg7
{[%clk 0:00:41]} 43. Bxc4 {[%clk 0:58:43]} Qd8 {[%clk 0:00:48]} 44. Rf1
{[%clk 0:58:10]} Qe7 {[%clk 0:00:55]} 45. Nf5+ {[%clk 0:54:45]} Bxf5
{[%clk 0:01:13]} 46. Rxf5 {[%clk 0:55:13]} Nh6 {[%clk 0:00:38]} 47. Rxg5+
{[%clk 0:54:38]} Kh7 {[%clk 0:00:59]} 48. dxe5 {[%clk 0:50:08]} dxe5
{[%clk 0:00:42]} 49. Rxe5 {[%clk 0:49:32]} Qa7+ {[%clk 0:01:04]} 50. Kh1
{[%clk 0:49:32]} Rff2 {[%clk 0:00:59]} 51. Qg5 {[%clk 0:47:27]} Rb7
{[%clk 0:00:37]} 52. Rxa5 {[%clk 0:46:02]} Qb8 {[%clk 0:00:37]} 53. Ra6
{[%clk 0:45:46]} Rb6 {[%clk 0:00:36]} 54. Qe7+ {[%clk 0:44:37]} Kh8
{[%clk 0:00:48]} 55. Rd1 {[%clk 0:43:04]} Rb7 {[%clk 0:00:34]} 56. Rxh6#
{[%clk 0:42:54]} 1-0

[Event "World Chess Olympiad 2018"]
[Site "Batumi"]
[Date "2018.09.25"]
[Round "2"]
[Board "1"]
[WhiteFideId "7300069"]
[White "Reyes Najera Carlos A."]
[BlackFideId "10002235"]
[Black "Mdoe Yusuf"]
[Result "1-0"]
[LiveChessVersion "1.4.8"]
[BlackElo "1771"]
[WhiteElo "2149"]

1. d4 {[%clk 1:30:56]} d5 {[%clk 1:30:42]} 2. c4 {[%clk 1:31:17]} e6
{[%clk 1:30:20]} 3. e3 {[%clk 1:31:36]} Nf6 {[%clk 1:30:24]} 4. Nf3
{[%clk 1:31:48]} Nbd7 {[%clk 1:29:49]} 5. Nc3 {[%clk 1:32:01]} c6
{[%clk 1:28:40]} 6. Bd3 {[%clk 1:32:06]} a6 {[%clk 1:27:14]} 7. b3
{[%clk 1:30:33]} dxc4 {[%clk 1:24:01]} 8. bxc4 {[%clk 1:30:34]} Qc7
{[%clk 1:23:47]} 9. O-O {[%clk 1:28:54]} e5 {[%clk 1:23:00]} 10. Qc2
{[%clk 1:25:51]} Be7 {[%clk 1:22:42]} 11. Bb2 {[%clk 1:26:08]} h6
{[%clk 1:21:14]} 12. dxe5 {[%clk 1:12:20]} Nxe5 {[%clk 1:21:24]} 13. Nxe5
{[%clk 1:12:33]} Qxe5 {[%clk 1:21:37]} 14. Nd5 {[%clk 1:13:00]} Qd6
{[%clk 1:15:45]} 15. Nxe7 {[%clk 1:06:50]} Qxe7 {[%clk 1:15:45]} 16. e4
{[%clk 1:06:39]} O-O {[%clk 1:13:50]} 17. f4 {[%clk 1:05:09]} Nd7
{[%clk 1:12:08]} 18. Qc3 {[%clk 1:04:09]} f6 {[%clk 1:11:55]} 19. Rae1
{[%clk 1:03:47]} c5 {[%clk 1:07:00]} 20. a4 {[%clk 1:01:23]} a5 {[%clk 1:07:02]}
21. Bc2 {[%clk 1:01:27]} Nb8 {[%clk 1:06:44]} 22. e5 {[%clk 0:42:42]} f5
{[%clk 1:06:56]} 23. e6 {[%clk 0:43:06]} Nc6 {[%clk 1:06:20]} 24. Qe3
{[%clk 0:43:29]} b6 {[%clk 1:04:18]} 25. Rf3 {[%clk 0:43:53]} Kh7
{[%clk 1:00:50]} 26. g4 {[%clk 0:41:05]} g6 {[%clk 0:58:19]} 27. gxf5
{[%clk 0:41:28]} gxf5 {[%clk 0:56:50]} 28. Rg3 {[%clk 0:41:51]} Nd4
{[%clk 0:50:58]} 29. Bxd4 {[%clk 0:41:30]} cxd4 {[%clk 0:51:09]} 30. Qxd4
{[%clk 0:41:57]} Rf6 {[%clk 0:50:55]} 31. Qd5 {[%clk 0:36:37]} Bb7
{[%clk 0:50:45]} 32. Bxf5+ {[%clk 0:36:52]} Kh8 {[%clk 0:49:38]} 33. Qe5
{[%clk 0:35:47]} Rc8 {[%clk 0:45:37]} 34. Rg6 {[%clk 0:33:50]} Rg8
{[%clk 0:45:17]} 35. Rxg8+ {[%clk 0:33:28]} Kxg8 {[%clk 0:45:07]} 36. Re3
{[%clk 0:32:55]} Bc6 {[%clk 0:24:56]} 37. Rg3+ {[%clk 0:29:49]} Kf8
{[%clk 0:20:36]} 38. Bg6 {[%clk 0:29:45]} Qc5+ {[%clk 0:19:35]} 39. Qxc5+
{[%clk 0:30:07]} bxc5 {[%clk 0:19:20]} 40. f5 {[%clk 1:00:20]} Ke7
{[%clk 0:46:36]} 41. Re3 {[%clk 1:00:03]} Rf8 {[%clk 0:44:18]} 42. Re5
{[%clk 0:55:01]} Kd6 {[%clk 0:43:43]} 43. e7 {[%clk 0:55:08]} Rb8
{[%clk 0:35:47]} 44. Re6+ {[%clk 0:55:08]} Kc7 {[%clk 0:34:30]} 45. Rxc6+
{[%clk 0:55:29]} Kxc6 {[%clk 0:34:31]} 46. e8=Q+ {[%clk 0:56:15]} Rxe8
{[%clk 0:36:03]} 47. Bxe8+ {[%clk 0:56:35]} Kd6 {[%clk 0:36:14]} 48. Kf2
{[%clk 0:56:58]} Ke5 {[%clk 0:36:25]} 49. Bd7 {[%clk 0:57:23]} 1-0

[Event "World Chess Olympiad 2018"]
[Site "Batumi"]
[Date "2018.09.25"]
[Round "2"]
[Board "2"]
[WhiteFideId "10002324"]
[White "Njau Albert"]
[BlackFideId "7300662"]
[Black "Cu Hor Winston Darwin"]
[Result "0-1"]
[LiveChessVersion "1.4.8"]
[BlackElo "2319"]
[WhiteElo "1716"]

1. e4 {[%clk 1:30:49]} c5 {[%clk 1:30:37]} 2. Nf3 {[%clk 1:30:51]} d6
{[%clk 1:30:49]} 3. Nc3 {[%clk 1:30:46]} a6 {[%clk 1:31:08]} 4. d4
{[%clk 1:30:34]} cxd4 {[%clk 1:31:27]} 5. Nxd4 {[%clk 1:30:41]} Nf6
{[%clk 1:31:50]} 6. Be2 {[%clk 1:30:01]} e5 {[%clk 1:31:55]} 7. Nf3
{[%clk 1:29:07]} Be7 {[%clk 1:29:34]} 8. O-O {[%clk 1:28:21]} O-O
{[%clk 1:29:58]} 9. Re1 {[%clk 1:26:43]} Nbd7 {[%clk 1:28:49]} 10. a3
{[%clk 1:24:30]} b5 {[%clk 1:26:51]} 11. Nd2 {[%clk 1:22:45]} Bb7
{[%clk 1:26:41]} 12. Bf3 {[%clk 1:22:50]} Rc8 {[%clk 1:25:55]} 13. Nf1
{[%clk 1:22:20]} Nc5 {[%clk 1:21:38]} 14. Ng3 {[%clk 1:19:36]} g6
{[%clk 1:18:45]} 15. Bh6 {[%clk 1:15:47]} Re8 {[%clk 1:19:07]} 16. h4
{[%clk 1:15:08]} Ne6 {[%clk 1:18:09]} 17. h5 {[%clk 1:09:28]} Nd4
{[%clk 1:16:58]} 18. Bg5 {[%clk 1:05:21]} Rc4 {[%clk 1:14:33]} 19. Be2
{[%clk 1:01:58]} Rc7 {[%clk 1:07:36]} 20. Bd3 {[%clk 0:58:35]} Ne6
{[%clk 1:01:20]} 21. Be3 {[%clk 0:57:41]} Qa8 {[%clk 1:00:59]} 22. hxg6
{[%clk 0:54:05]} hxg6 {[%clk 1:00:49]} 23. Rc1 {[%clk 0:49:39]} Kg7
{[%clk 0:59:53]} 24. Qf3 {[%clk 0:43:04]} Rh8 {[%clk 0:59:10]} 25. Rcd1
{[%clk 0:32:28]} Rh4 {[%clk 0:56:28]} 26. Bb6 {[%clk 0:27:04]} Rc8
{[%clk 0:52:00]} 27. Bf1 {[%clk 0:22:23]} Rch8 {[%clk 0:47:25]} 28. Qe3
{[%clk 0:16:40]} Ng4 {[%clk 0:47:17]} 29. Qd3 {[%clk 0:15:32]} Nf4
{[%clk 0:47:18]} 30. Qf3 {[%clk 0:15:13]} Nh2 {[%clk 0:45:27]} 31. Qe3
{[%clk 0:13:21]} Nxf1 {[%clk 0:45:44]} 32. Rxf1 {[%clk 0:12:49]} Bg5
{[%clk 0:45:37]} 33. Qf3 {[%clk 0:11:24]} Qg8 {[%clk 0:45:51]} 0-1

[Event "World Chess Olympiad 2018"]
[Site "Batumi"]
[Date "2018.09.25"]
[Round "2"]
[Board "4"]
[WhiteFideId "10001670"]
[White "Hassuji Nurdin"]
[BlackFideId "7300239"]
[Black "Lorenzana Wilson Estuardo"]
[Result "0-1"]
[LiveChessVersion "1.4.8"]
[BlackElo "2292"]
[WhiteElo "1766"]

1. e4 {[%clk 1:30:51]} c5 {[%clk 1:30:50]} 2. Nf3 {[%clk 1:31:12]} e6
{[%clk 1:31:14]} 3. d4 {[%clk 1:31:35]} cxd4 {[%clk 1:31:39]} 4. Nxd4
{[%clk 1:32:00]} a6 {[%clk 1:32:04]} 5. Nc3 {[%clk 1:32:09]} Qc7 {[%clk 1:32:27]}
6. Bd3 {[%clk 1:32:08]} Nf6 {[%clk 1:32:10]} 7. O-O {[%clk 1:32:17]} Be7
{[%clk 1:31:41]} 8. Be3 {[%clk 1:31:44]} d6 {[%clk 1:31:36]} 9. f4
{[%clk 1:28:11]} Nbd7 {[%clk 1:31:58]} 10. Qe1 {[%clk 1:25:01]} b5
{[%clk 1:31:37]} 11. Qg3 {[%clk 1:23:15]} Bb7 12. a3 {[%clk 1:15:26]} g6
{[%clk 1:30:28]} 13. Rae1 {[%clk 1:13:54]} Nc5 {[%clk 1:23:01]} 14. Qf3
{[%clk 1:04:27]} h5 {[%clk 1:21:37]} 15. h3 {[%clk 1:01:16]} h4 {[%clk 1:18:37]}
16. Bf2 {[%clk 0:56:07]} Rd8 {[%clk 1:16:37]} 17. Qe3 {[%clk 0:52:58]} e5
{[%clk 1:12:06]} 18. fxe5 {[%clk 0:48:10]} dxe5 {[%clk 1:12:28]} 19. Nf3
{[%clk 0:46:49]} Rh5 {[%clk 1:11:45]} 20. Kh1 {[%clk 0:38:56]} Ne6
{[%clk 1:10:08]} 21. Qb6 {[%clk 0:35:43]} Qb8 {[%clk 1:01:55]} 22. Qa7
{[%clk 0:19:54]} Qc8 {[%clk 0:55:30]} 23. Qe3 {[%clk 0:09:39]} Nh7
{[%clk 0:50:54]} 24. Qc1 {[%clk 0:06:58]} Nf4 {[%clk 0:42:47]} 25. Rd1
{[%clk 0:07:09]} Ng5 {[%clk 0:40:12]} 26. Bg1 {[%clk 0:02:24]} Nxg2 0-1

[Event "World Chess Olympiad 2018"]
[Site "Batumi"]
[Date "2018.09.25"]
[Round "2"]
[Board "1"]
[WhiteFideId "5300380"]
[White "El Jawich Amro"]
[BlackFideId "15900711"]
[Black "Tromp Hubert Randolf"]
[Result "1-0"]
[LiveChessVersion "1.4.8"]
[BlackElo "1674"]
[WhiteElo "2276"]

1. e4 {[%clk 1:30:54]} c5 {[%clk 1:30:15]} 2. Nc3 {[%clk 1:30:56]} g6
{[%clk 1:30:25]} 3. Nf3 {[%clk 1:31:14]} Bg7 {[%clk 1:30:23]} 4. d4
{[%clk 1:31:39]} cxd4 {[%clk 1:30:36]} 5. Nxd4 {[%clk 1:32:02]} Nc6
{[%clk 1:30:58]} 6. Be3 {[%clk 1:32:16]} Nf6 {[%clk 1:31:18]} 7. Bc4
{[%clk 1:32:01]} O-O {[%clk 1:31:38]} 8. Bb3 {[%clk 1:31:58]} a5 {[%clk 1:32:00]}
9. O-O {[%clk 1:32:01]} d6 {[%clk 1:32:20]} 10. f3 {[%clk 1:28:24]} Nxd4
{[%clk 1:32:35]} 11. Bxd4 {[%clk 1:28:10]} Bd7 {[%clk 1:32:57]} 12. a4
{[%clk 1:25:56]} Bc6 {[%clk 1:32:52]} 13. Re1 {[%clk 1:23:14]} Re8
{[%clk 1:00:55]} 14. Qe2 {[%clk 1:06:41]} Nd7 {[%clk 0:53:18]} 15. Be3
{[%clk 1:01:08]} e6 {[%clk 0:37:09]} 16. Rad1 {[%clk 0:58:17]} Qc7
{[%clk 0:36:41]} 17. Bf4 {[%clk 0:35:25]} Be5 {[%clk 0:31:24]} 18. Bxe5
{[%clk 0:35:28]} Nxe5 {[%clk 0:31:20]} 19. f4 {[%clk 0:31:58]} Nd7
{[%clk 0:24:12]} 20. Qf2 {[%clk 0:17:06]} Rad8 {[%clk 0:20:09]} 21. f5
{[%clk 0:13:27]} Qb6 {[%clk 0:20:25]} 22. fxe6 {[%clk 0:11:43]} Qxf2+
{[%clk 0:19:38]} 23. Kxf2 {[%clk 0:12:11]} fxe6 {[%clk 0:18:51]} 24. Rxd6
{[%clk 0:11:57]} Ne5 {[%clk 0:19:08]} 25. Rxd8 {[%clk 0:11:09]} Rxd8
{[%clk 0:19:35]} 26. Bxe6+ {[%clk 0:11:19]} Kg7 {[%clk 0:19:53]} 27. Bd5
{[%clk 0:10:18]} Kf6 {[%clk 0:16:57]} 28. Ke3 {[%clk 0:09:00]} Ke7
{[%clk 0:15:06]} 29. Kd4 {[%clk 0:08:01]} Kd6 {[%clk 0:13:46]} 30. Rf1
{[%clk 0:07:24]} Bxd5 {[%clk 0:13:36]} 31. exd5 {[%clk 0:06:29]} Nd7
{[%clk 0:13:09]} 32. Nb5+ {[%clk 0:03:39]} Ke7 {[%clk 0:13:14]} 33. c4
{[%clk 0:03:06]} b6 {[%clk 0:13:31]} 34. d6+ {[%clk 0:02:40]} Ke6
{[%clk 0:11:58]} 35. Re1+ {[%clk 0:03:02]} Kf6 {[%clk 0:09:46]} 36. Kd5
{[%clk 0:02:35]} Nc5 {[%clk 0:09:52]} 37. Nd4 {[%clk 0:01:49]} h6
{[%clk 0:07:17]} 38. Rf1+ {[%clk 0:02:01]} Kg7 {[%clk 0:04:36]} 39. Ne6+
{[%clk 0:02:23]} 1-0